| 000 | 00378nam a22001217a 4500 | ||
|---|---|---|---|
| 020 | _a0848710215 | ||
| 082 |
_a912 _bFOR |
||
| 100 |
_aLynch , Peter _9110264 |
||
| 245 |
_aOne Up on Wall Street : _bhow to use what you already know to make money in the market / _cPeter Lynch |
||
| 260 |
_aUSA, _bFortune magazine _c1990. |
||
| 300 |
_a496p. ; _bHardcover, _c24 cm. |
||
| 942 |
_2ddc _cBK |
||
| 999 |
_c593695 _d593695 |
||